000 02472cam a22006374i 4500
003 PE-LiUPU
005 20250731170453.0
008 150707s2011 mx a rb 001 0 spa d
020 _a6074813736
020 _a9786074813739
035 _a(Sirsi) i9786074813739
040 _aPE-LiUPU
_bspa
_cPE-LiUPU
_dPE-LiUPU
_erda
049 _aPRUA
082 0 4 _a153.4
_bS79
_220
100 1 _aSternberg, Robert J.,
_eautor.
245 1 0 _aPsicología cognoscitiva /
_cRobert J. Sternberg.
250 _a5a edición.
264 1 _aMéxico :
_bCengage Learning,
_c2011.
300 _a658 páginas :
_bilustraciones ;
_c25 centímetros
336 _atext
_2rdacontent
337 _aunmediated
_2rdamedia
338 _avolume
_2rdacarrier
504 _aBibliografía: páginas 585-640.
504 _aÍndice: páginas 641-658.
505 0 _aintroducción a la psicología cognoscitiva -- Neurociencia cognoscitiva -- percepción -- Atención y conciencia -- Memoria: modelos y métodos de investigación -- Procesos de la memoria -- Representación y manipulación del conocimiento en la memoria: imágenes y proposiciones -- Representación y organización del conocimiento en la memoria: conceptos, categorías, redes y esquemas -- lenguaje: naturaleza y adquisición -- Lenguaje en contexto -- Solución de problemas y creatividad -- Toma de decisiones y razonamiento -- Inteligencia humana y artificial.
526 _aSEG68
526 _aSEG70
526 _aSEG69
526 _aSEG67
526 _aSEG43
526 _aP144
526 _aP143
526 _aP131
526 _aP122
526 _aP120
526 _aP117
526 _aP112
526 _aP110
526 _aP106
526 _aP101
526 _aP80
526 _aP59
526 _aP54
526 _aP35
526 _aP33
526 _aP30
541 _g001-003364;
650 0 4 _aPsicología cognitiva.
910 _agl20110907
910 _adbm
_bsag
_csag
_d20190502
942 _2ddc
_cBOOK
949 _a153 S79
_wDEWEY
_c1
_i63621
_lCCODEBUL1
_mBUL
_p63.00
_r0
_sY
_tBOOK
_u2015-7-6
_xSALUD
_PP33
_o.STAFF. Colección Ciencias de la Salud
994 _aC0
_bPEPRU
596 _a1
999 _a153 S79
_wDEWEY
_c52530
_i63621
_d52530
_e2022-7-5
_f2021-11-3
_g5
_lCCODEBUL1
_mBUL
_n61
_p63.00
_q19
_r0
_sY
_tBOOK
_u2015-7-6
_xSALUD
_zP33
_0COMPRA
_o.STAFF. Colección Ciencias de la Salud
980 _81
_gALBERTO SANCHEZ Responsable de Automatización